书目信息 |
| 题名: |
3CTS系列硅双向可控元件
|
|
| 作者: | 北京椿树整流器厂 | |
| 分册: | ||
| 出版信息: | 北京 北京椿树整流器厂 1970 |
|
| 页数: | 11页 | |
| 开本: | 19cm | |
| 丛书名: | ||
| 单 册: | ||
| 中图分类: | TN342 | |
| 科图分类: | ||
| 主题词: | 晶闸管 , 可控硅 | |
| 电子资源: | ||
| ISBN: | ||
| 000 | 00597nam0 2200193 450 | |
| 001 | 0635437826 | |
| 005 | 20060813095251.87 | |
| 010 | @d不详 | |
| 100 | @a20060813d1970 km y0chiy0120 ea | |
| 101 | 0 | @achi |
| 200 | 1 | @a3CTS系列硅双向可控元件@A3CTS xi lie gui shuang xiang ke kong yuan jian@f北京椿树整流器厂@Fbei jing chun shu zheng liu qi chang |
| 210 | @a北京@c北京椿树整流器厂@d1970 | |
| 215 | @a11页@d19cm | |
| 606 | 0 | @a晶闸管 |
| 606 | 0 | @a可控硅 |
| 690 | @aTN342@v3 | |
| 701 | 0 | @a北京椿树整流器厂@Abei jing chun shu zheng liu qi chang |
| 801 | 0 | @aCN@bPFT@c20060813 |
| 905 | @a10447@dTN342@e44 | |
| 3CTS系列硅双向可控元件/北京椿树整流器厂.-北京:北京椿树整流器厂,1970 |
| 11页;19cm |
| ISBN :不详 |
| ● |
| 相关链接 |
|
|
|
|
正题名:3CTS系列硅双向可控元件
索取号:TN342/44
 
预约/预借
| 序号 | 登录号 | 条形码 | 馆藏地/架位号 | 状态 | 备注 |
| 1 | 0452522 | 204525228 | 密集书库/ [索取号:TN342/44] | 在馆 |